00651 a2200181 4500003000400000005001700004008004100021020001800062040000900080082001500089100003800104245008500142260003600227300001000263942003600273952014300309999001700452OSt20231106154346.0231106b |||||||| |||| 00| 0 eng d a9789384355166 coclc a297bKUR/S aKurup, K K Nd1939- author.91879 aThuhfathul mujahidheenum Shaik Sainudheen Maqdhoom randamanum /cDr. K K N Kurup aKerala:bVachanam books,c2017. a159 p 2ddccBKh297iKUR/Sk297mKUR/S 00102ddc40708ISLAMaMESbMEScISLd2024-01-05l2m3o297 KUR/Sp44366r2024-06-28 13:59:46s2024-06-05v150.00w2024-01-05yBKzGL49R1 c42830d42830